人口30万人以上の都道府県庁所在地-サドンデス- - Statistics

General Stats
  • This quiz has been taken 23 times
  • The average score is 27 of 33
Answers on the Grid
Answers color-coded by a green-red scale on the quiz's grid according to % correct below.
札幌市
青森市
盛岡市
秋田市
仙台市
山形市
福島市
水戸市
宇都宮市
前橋市
さいたま市
千葉市
新宿区
横浜市
新潟市
富山市
金沢市
福井市
甲府市
長野市
静岡市
名古屋市
岐阜市
津市
大津市
京都市
奈良市
和歌山市
大阪市
神戸市
鳥取市
松江市
岡山市
広島市
山口市
高松市
徳島市
高知市
松山市
福岡市
佐賀市
長崎市
熊本市
大分市
宮崎市
鹿児島市
那覇市
 
Answer Stats
Answer % Correct
札幌市
100%
仙台市
100%
さいたま市
100%
横浜市
100%
静岡市
100%
名古屋市
100%
大阪市
100%
神戸市
100%
宇都宮市
95%
千葉市
95%
新潟市
95%
京都市
95%
岡山市
95%
広島市
95%
福岡市
95%
新宿区
90%
鹿児島市
90%
金沢市
86%
熊本市
86%
長崎市
81%
長野市
76%
松山市
76%
前橋市
71%
岐阜市
71%
高松市
62%
富山市
57%
奈良市
57%
和歌山市
57%
宮崎市
57%
那覇市
57%
大分市
52%
大津市
48%
高知市
48%
No matching quizzes found
Score Distribution
Percent of People with Each Score
Percentile by Number Answered
Your Score History
You have not taken this quiz